00493 2200181 4500001002100000005001500021035002000036245007700056100001700133250001700150300003000167856001600197260003900213082001000252084001600262020002200278600001100300INLIS00000000000083920250109105013 a0010-01250000121 aEnsiklopedia Visual Ilmu Pengetahuan Populer 2 :bNegara /cAprio Rabadi0 aAprio Rabadi acetakan ke-1 a56 hlm :bIlus ;c21,5 cm a910.3 APR e aBekasi :bUranus Publishing,c2011 a910.3 a910.3 APR e a978-602-863-740-4 4aNegara